| 000 | 00384cam a22001217a 4500 | ||
|---|---|---|---|
| 008 | 180718b1984 xxu||||| |||| 00| 0 eng d | ||
| 082 | _aL1x54 Ec74 | ||
| 245 | _aParameters for the central budget 1984-85 : seminar paper proceedings | ||
| 260 |
_aNew Delhi _bTulsi _c1984 |
||
| 300 | _a67p. | ||
| 650 | _aBudget - India | ||
| 700 | _aEconomic and Scientific Research Foundation, New Delhi | ||
| 999 |
_c347108 _d347108 |
||